NCAA Career Receiving Yards Leaders: Tennessee Vols - Statistics

General Stats
  • This quiz has been taken 22 times
  • The average score is 3 of 10
Answer Stats
Rank Yards Answer Years Played % Correct
4 2,153 Jauan Jennings 2015-19
79%
3 2,298 Peerless Price 1995-98
68%
1 2,814 Joey Kent 1993-96
37%
6 2,137 Cedrick Wilson 1997-00
32%
10 1,875 Carl Pickens 1989-91
16%
2 2,447 Marcus Nash 1994-97
16%
5 2,140 Robert Meachem 2004-06
16%
8 2,004 Denarius Moore 2007-10
5%
9 1,924 Larry Seivers 1973-76
5%
7 2,042 Tim McGee 1982-85
5%
No matching quizzes found
Score Distribution
Percent of People with Each Score
Percentile by Number Answered
Your Score History
You have not taken this quiz